000
00483nam a2200181Ia 4500
008
090124s9999 xx 000 0 und d
082
_b
20876
100
_a
आचार्य नयना
245
_a
उधान
250
_a
1
260
_b
परिमल प्रकाशन
_c
1982
300
_a
174
600
_a
आचार्य नयना
630
_a
उधान
700
_a
आचार्य नयना
730
_a
उधान
942
_c
BOOK
999
_c
91016
_d
91016